00529nam a2200193Ia 4500999001500000003000400015005001700019008004100036020001500077040000900092082001800101100003100119245005100150250001200201260005700213300000900270650001400279942004200293 c3094d3094OSt20250704102542.0190216s9999||||xx |||||||||||||| ||und|| a8122407129 coclc a541.38bARN/E1 aArnikar, Hari Jeevan94237 0aEssentials Of Nuclear Chemistry /cH J Arnikar a4th Ed. bNew Age International Publishers,c1981.aNew Delhi: a498p aChemistry cBK2ddch541.38iARN/Ek541.38mARN/E